| 000 | 00710nam a2200205 a 4500 | ||
|---|---|---|---|
| 005 | 20140310183313.0 | ||
| 008 | 051020s19uu xx 00 eng d | ||
| 020 | _a0205410618 | ||
| 050 |
_aLC 4019 _b.W45 2005 |
||
| 100 | _aWeishaar, Mary Konya | ||
| 245 |
_aCase studies in assessment of students with disabilities / _cMary Konya Weishaar, Victoria Groves Scott. |
||
| 260 |
_aBoston, MA : _bPearson Education, Inc, _cc2005. |
||
| 300 |
_av, 90 p. : _bill. ; _c24 cm. |
||
| 521 | _aEDU | ||
| 650 |
_aChildren with disabilities _xEducation _xCase studies. |
||
| 650 |
_aTeenagers with disabilities _xEducation _xCase studies. |
||
| 700 | _aScott, Victoria Groves | ||
| 942 |
_cBK _2lcc _kFOR |
||
| 999 |
_c21221 _d21221 |
||